Países donde los turistas españoles gastan más - Estadísticas

Estadísticas generales
  • Esta prueba ha sido intentada 42 veces
  • La puntuación promedio es 26 de 30
Estadísticas de respuestas
# Continente Gasto total País % Correcto
4 Europa 1.635 M Alemania
100%
1 Europa 3.643 M Francia
100%
2 Europa 2.782 M Italia
100%
13 América 308 M México
100%
3 Europa 2.309 M Portugal
100%
6 América 1.042 M Estados Unidos de América
97%
22 Europa 153 M Polonia
97%
30 América 110 M Argentina
94%
11 Europa 397 M Grecia
94%
20 Asia 181 M Japón
94%
15 África 280 M Marruecos
94%
5 Europa 1.250 M Reino Unido
94%
12 Europa 387 M Suiza
94%
9 Europa 505 M Bélgica
92%
8 Europa 799 M Países Bajos
92%
28 América 130 M Brasil
89%
26 Europa 149 M Croacia
89%
25 Europa 150 M Suecia
89%
19 América 200 M Colombia
86%
21 Europa 167 M Noruega
86%
14 Europa 296 M Austria
83%
29 Europa 112 M Finlandia
81%
10 Europa 441 M Irlanda
81%
24 Europa 150 M República Checa
81%
17 Europa 229 M Rumanía
81%
7 Europa 918 M Andorra
78%
27 Europa 146 M Hungría
78%
23 Europa 152 M Dinamarca
75%
16 Europa 241 M Luxemburgo
64%
18 Asia 206 M Emiratos Árabes Unidos
47%
No se encontraron pruebas coincidentes
Distribución de puntuación
Porcentaje de gente con cada puntuación
Porcentaje por número respondido
Historial de tus puntuaciones
No has intentado esta prueba.